|
|
|
|
| LEADER |
02159nam a22004093i 4500 |
| 001 |
EBC28870493 |
| 003 |
MiAaPQ |
| 005 |
20231204023229.0 |
| 006 |
m o d | |
| 007 |
cr cnu|||||||| |
| 008 |
231204s2021 xx o ||||0 eng d |
| 020 |
|
|
|a 9781439921517
|q (electronic bk.)
|
| 020 |
|
|
|z 9781439921500
|
| 035 |
|
|
|a (MiAaPQ)EBC28870493
|
| 035 |
|
|
|a (Au-PeEL)EBL28870493
|
| 035 |
|
|
|a (OCoLC)1302008404
|
| 040 |
|
|
|a MiAaPQ
|b eng
|e rda
|e pn
|c MiAaPQ
|d MiAaPQ
|
| 050 |
|
4 |
|a BP173
|
| 082 |
0 |
|
|a 297.272
|
| 100 |
1 |
|
|a Ciftci, Sabri.
|
| 245 |
1 |
0 |
|a Islam, Justice, and Democracy.
|
| 250 |
|
|
|a 1st ed.
|
| 264 |
|
1 |
|a Philadelphia :
|b Temple University Press,
|c 2021.
|
| 264 |
|
4 |
|c Ã2022.
|
| 300 |
|
|
|a 1 online resource (240 pages)
|
| 336 |
|
|
|a text
|b txt
|2 rdacontent
|
| 337 |
|
|
|a computer
|b c
|2 rdamedia
|
| 338 |
|
|
|a online resource
|b cr
|2 rdacarrier
|
| 490 |
1 |
|
|a Religious Engagement in Democratic Politics Series
|
| 505 |
0 |
|
|a Intro -- Contents -- List of Illustrations -- Acknowledgments -- 1. Introduction -- 2. Islam and Democracy: A Never-Ending Debate -- 3. Historical and Conceptual Foundations of Justice Discourses in Islam -- 4. Islamist Justice Theory -- 5. Between Order and Freedom: Islamism and Justice Discourses -- 6. New Islamist Movements, Justice, and Democracy -- 7. Distributive Preferences, Individualism, and Support for Democracy -- 8. Constitutionalist Movements, Arab Spring, and Justice -- 9. Conclusion -- Appendix A -- Appendix B -- Notes -- Bibliography -- Index.
|
| 588 |
|
|
|a Description based on publisher supplied metadata and other sources.
|
| 590 |
|
|
|a Electronic reproduction. Ann Arbor, Michigan : ProQuest Ebook Central, 2023. Available via World Wide Web. Access may be limited to ProQuest Ebook Central affiliated libraries.
|
| 655 |
|
4 |
|a Electronic books.
|
| 776 |
0 |
8 |
|i Print version:
|a Ciftci, Sabri
|t Islam, Justice, and Democracy
|d Philadelphia : Temple University Press,c2021
|z 9781439921500
|
| 797 |
2 |
|
|a ProQuest (Firm)
|
| 830 |
|
0 |
|a Religious Engagement in Democratic Politics Series
|
| 856 |
4 |
0 |
|u https://ebookcentral.proquest.com/lib/matrademy/detail.action?docID=28870493
|z Click to View
|